[Event "Match 69_120'/40"]
[Site "Zürich"]
[Date "2022.??.??"]
[Round "7"]
[White "Excel Mach III 68000"]
[Black "Mephisto Almeria 68000"]
[Result "1-0"]
[WhiteElo "2021"]
[BlackElo "2079"]
[Annotator "KUT"]
[PlyCount "83"]
[EventDate "2022.??.??"]

{[%evp 0,76,25,26,65,71,82,73,74,77,40,40,59,59,51,29,12,5,36,27,50,48,69,46,
69,70,89,61,127,127,145,213,233,233,199,191,182,144,353,231,223,156,232,478,
524,499,489,499,512,516,564,590,611,601,638,579,613,579,597,647,671,688,863,
897,1020,479,585,634,636,689,691,700,729,752,761,764,771,769,817]} 1. d4 c5 {
Match 120'/40 | Bediener: Rolf Bühler | 7. Partie: Weiss (Mach III) gewinnt |
Zwischenstand: 4,0-3,0 (57%) für den Mach III | Nach der selten angewandten
Franco-Benoni-Verteidigung scheitern auf der Suche nach den besten
Fortsetzungen beide Programme. Im 15. Zug schlägt der Mephisto Almeria 68000
den gegnerischen Springer auf g5 mit dem Bauern statt seinem Läufer. Danach
ist die Partie unweigerlich verloren, denn Weiss kann einen Königsangriff
inszenieren, der nur durch grossen Materialverlust abgewehrt werden kann.
Damit feiert der Excel Mach III 68000 den dritten Sieg in Folge und geht in
diesem Match das erste Mal in Führung.} 2. d5 {***ENDE BUCH***} e6 {***ENDE
BUCH***} 3. e4 Nf6 4. dxe6 fxe6 $2 {Mit diesem Schlagen handelt sich Schwarz
einen rückständigen Bauern auf d7 ein sowie eine geschwächte
Königsstellung, was im vorliegenden Fall klar zugunsten von Weiss ist. Und
falls Schwarz einmal seinen d-Bauern nach d6 oder d5 bringt, kann immer exd6
folgen, wonach er mit einem schwachen Isolani auf e6 hängen bleibt. Deshalb
war es besser, mit 4...dxe6 den Damentausch anzustreben. Die dabei verlorene
Rochade ist harmlos.} (4... dxe6 5. Qxd8+ Kxd8 6. Nc3 a6 7. Nf3 b5 8. Bf4 Bb7
9. O-O-O+ Ke8 10. Nd2 c4 11. f3 Nbd7 12. Be2 Nh5 13. Be3 Bc5 14. Nf1 Bxe3+ 15.
Nxe3 Ke7 16. Rd4 Nf4 17. Rhd1 Nxe2+ 18. Nxe2 Rhd8 19. b3 cxb3 20. cxb3 Ne5 21.
Rxd8 Rxd8 22. Rxd8 Kxd8 23. Kd2 Ke7 24. b4 g5 25. Nd4 Kd6 26. Nb3 Bc8 27. Kc3
f5 28. Nc5 f4 29. Ng4 Nxg4 30. fxg4 e5 31. h3 Be6 {1/2-1/2 (31) Potkin,V (2580)
-Bergez,L (2395) Sautron 2006 EXT 2007 [RR]}) 5. e5 Nd5 6. Nf3 $6 {Hier machen
6.Ld3, was mit Dh5+ zu gewinnen droht, oder 6.c4 dem Schwarzen mehr Sorgen.}
Be7 $6 {Tut nichts gegen c2-c4. Deshalb sieht das aktive 6...b5 gut aus. Der
Bauer darf wegen ...Da5+ nicht genommen werden.} 7. Na3 {Eine mehr als zahme
Fortsetzung. Hingegen führt 7.c4 zu weissem Vorteil.} O-O 8. Bc4 Nb6 $6 {
Ein unlogischer Rückzug. Viel kräftiger wäre das Ross nach f4 gegangen.} 9.
Bd3 Nc6 10. O-O h6 $6 {Schwächt einzig die hellen Felder um den schwarzen
König. Der Bauernvorstoss ist ebenso wenig notwendig, um eine weisse Figur
vom Feld g5 fernzuhalten.} 11. Re1 Nd5 12. c4 Nf4 13. Be4 b6 14. Nb5 Bb7 15. g3
Nh3+ 16. Kg2 a6 17. Nc3 Ng5 18. Nxg5 {[#]} hxg5 $2 {Nach diesem Fehler gerät
Schwarz in einen Königsangriff, der sich nur unter Materialverlust parieren
lässt. Der Almeria 16bit sieht innert 10 Min nur ...hxg5, Dh5 Sa5 mit einer
Bewertung von -1.63 bei ST 5/13. Dann steigt die Bewertung auf -2.42 und nach
knapp 39 Min wird bei immer noch erst ST 5/13 die bessere Verteidigung 18...
Lxg5 mit Bewertung von -1.72 zur Hauptvariante erkoren. Erneut wird
ersichtlich, mit welch geringer Rechentiefe unsere Oldies arbeiten müssen.} (
18... Bxg5 19. Bxg5 Qxg5 {erzwungen, sonst Dh5 +-} 20. Qxd7 {mit Bauerngewinn})
19. Qh5 Rf5 (19... Na5 {Diese zuerst vom Almeria 16bit geplante Fortsetzung
hilft nicht wegen} 20. Qh7+ Kf7 21. Nd5 $1 Bxd5 (21... exd5 22. Bg6+ Ke6 23.
Qh3+ g4 24. Qxg4+ Rf5 25. Qxf5#) 22. cxd5 $18 {und gewinnt}) (19... Nxe5 {
ist auch keine genügende Verteidigung mehr} 20. Qh7+ Kf7 21. Bxb7 Rh8 22. Qe4
$18) 20. Nd5 $5 {Mach III betrachtet lange 20.Lxf5 mit einer Bewertung von +2.
87, wechselt dann nach gut 2 Min auf 20.Sd5 mit bald erhöhter Bewertung von
+3.05 bei noch Suchtiefe 5, dann bei ST 6 noch +2.95 und ändert nichts mehr
bis zu den getesteten 10 Min. Dabei hätte das noch stärkere 20.g4 einen
ganzen Turm erobert. Der hübsche Springerzug gewinnt, keine Frage, aber es
gab gar noch etwas Besseres.} (20. g4 {denn nach} Rf4 {wird Schwarz
mattgesetzt mit} 21. Qh7+ Kf8 22. Qh8+ Kf7 23. Bg6+ Kxg6 24. Qh5#) 20... Ra7 $6
{Besser, wenn auch nicht mehr genügend war ...De8.} (20... Qe8 21. Qxe8+ Rxe8
22. Nxe7+ Rxe7 23. Bxf5 exf5 24. Bxg5 $18) 21. g4 {Nun hat der Mach III den
Braten doch noch gerochen.} Nxe5 22. Nxe7+ Qxe7 23. gxf5 Nd3 24. Re2 Nxc1 25.
Rxc1 Bxe4+ 26. Rxe4 e5 {Mit einem Plus von einem Turm gegen einen Bauern
könnte man schon abbrechen.} 27. Qd1 Kf7 28. Qd5+ Kf6 29. Rc3 d6 30. Rg3 b5
31. cxb5 axb5 32. Reg4 Qb7 33. Qxb7 Rxb7 34. Rxg5 e4 35. Rg6+ Ke5 36. R3g5 Kf4
37. h4 Rf7 38. Rxd6 b4 {Rc} 39. Rc6 b3 40. a4 e3 41. Rxc5 exf2 42. Kxf2 1-0

[Event "Match 69_120'/40"]
[Site "Zürich"]
[Date "2022.??.??"]
[Round "8"]
[White "Mephisto Almeria 68000"]
[Black "Excel Mach III 68000"]
[Result "1/2-1/2"]
[WhiteElo "2079"]
[BlackElo "2021"]
[Annotator "KUT"]
[PlyCount "192"]
[EventDate "2022.??.??"]

1. e4 e5 {Match 120'/40 | Bediener: Rolf Bühler | 8. Partie: Remis |
Zwischenstand: 4,5-3,5 (56%) für den Mach III 68000 | Der Mephisto Almeria
16bit packt mit Weiss das gute, alte Königsgambit aus, bleibt aber
schliesslich mit einem Bauern weniger hängen. In seiner aktiven
Figurenstellung hat er jedoch genügend Kompensation und das sogar bis ins
Endspiel. Nach 41 Zügen steht eine Stellung auf dem Brett mit gleichem
Material auf beiden Seiten (T+S+4 B) sowie identischer Bauernstruktur an einem
Flügel. Es ist so tot Remis, dass kaum jemand die Partie weitergespielt
hätte. Bediener Rolf Bühler machte trotzdem weiter. Und tatsächlich begeht
der Mach III noch Fehler, die ihm die Partie hätte kosten können. Da der
Almeria 68000 jedoch den Gewinn nicht findet, wird es am Ende doch noch Remis.}
2. f4 exf4 3. Nf3 g5 4. h4 g4 5. Ne5 Nf6 6. d4 d6 7. Nd3 {***ENDE BUCH***} Nxe4
8. Bxf4 Qe7 {***ENDE BUCH***} 9. Be2 Bg7 {Schwarz hat einen Bauern mehr und
steht etwas besser. Aber diese Stellung ist komplex und kann von beiden
Programmen nicht richtig gefasst werden.} 10. c3 Na6 $6 {Typisch Fidelity:
Kaum ein Schachspieler käme auf diese Idee. Will Schwarz ...c5 vorbereiten?} (
10... O-O 11. Nd2 Re8 12. Nxe4 Qxe4 13. Kf2 c5 14. Re1 Qg6 15. Bg5 Qf5+ 16. Nf4
g3+ 17. Kg1 Rxe2 18. Nxe2 Qf2+ 19. Kh1 Bg4 20. Qd3 Nc6 21. dxc5 h6 22. Bd2 dxc5
23. Qxg3 Qxg3 24. Nxg3 Rd8 25. Bf4 h5 26. Ne4 b6 27. Bg5 Rd5 28. Nf6+ Bxf6 29.
Bxf6 Kh7 30. Re8 Rf5 31. Bg5 f6 32. Be3 Rd5 33. Rf1 Kg7 34. Bh6+ Kg6 35. Rf8
Bf5 36. Bf4 Rd7 37. Kg1 Ne7 38. c4 Kg7 39. Ra8 Be4 40. Rb8 Nf5 41. g3 Nd4 42.
b3 Bd3 43. Ra1 Re7 44. Rd1 {1/2-1/2 (44) Gommers,R (2342)-Winants,L (2504)
Belgium 2003}) (10... h5 11. Nd2 Nxd2 12. Qxd2 Be6 13. O-O Nd7 14. Rae1 O-O-O
15. Bd1 d5 16. Bg5 f6 17. Nf4 Nf8 18. Nxe6 Nxe6 19. Bc2 Kb8 20. Bf5 fxg5 21.
Rxe6 Qd7 22. Qxg5 Bf8 23. Re5 Qd6 24. Re6 Qd7 25. Re5 {1/2-1/2 (25) Callaghan,
R (2450)-Ebeling,M (2465) Argentina 1994}) 11. Nd2 (11. Bxg4 $4 {geht
natürlich nicht} Nxc3+ {und die weisse Dame geht verloren.}) 11... Bf5 {
Hier steht der Läufer nicht optimal. Wichtiger war es, mit 11...f5 den
g4-Bauern zu festigen.} 12. Nc4 {Stellungsgerechter sehen 12.0-0 oder 12.Sxe4
aus. Das mit dem Textzug geplante Se3 massiert zu viele weisse Figuren auf der
e-Linie.} Bd7 {Und anstelle dieses freiwilligen Rückzugs stand dem Schwarzen
12...h5 gut an.} 13. Ne3 {Und hier war 13.Sf2 besser.} Bf6 {Bringt weniger ein
als 13...f5 mit geringem Plus für Schwarz.} 14. Bxg4 Bxh4+ 15. Kf1 Bg5 16.
Bxd7+ Qxd7 17. Bxg5 Nxg5 18. Qg4 Qxg4 19. Nxg4 O-O-O 20. Nf6 {Der Rauch hat
sich verzogen und trotz Mehrbauer kann von schwarzem Vorteil keine Rede sein:
Der schwarze Sa6 steht schlecht, der weisse Sf6 hingegen riesenstark. Auch in
der Folge findet Schwarz kein Rezept, um seinem Mehrbauern irgendwelche
Wirkung zu verschaffen.} d5 {Schwächt das Feld e5, wo ein weisser Springer
ein prächtiges Feld findet.} 21. Rh4 Rd6 22. Rf4 Ne6 23. Rf5 Ng7 24. Rf2 Nb8
25. Ne5 $16 {In der Zwischenzeit muss schlicht festgestellt werden, dass Weiss
spürbar besser steht.} Rf8 26. Ke2 $2 {Was den Mephisto Almeria 16bit vom
Schlagen des h7-Bauern abgehalten hat, bleibt unergründlich. Weiss bliebe
danach weiterhin am Drücker, allerdings bei materiellem Gleichstand.} h5 27.
Rh1 Ra6 28. a3 Re6 29. Kd2 c6 30. Nh7 Rg8 31. Ng5 {Besser ginge der Springer
wieder nach dem stärkeren Feld f6 zurück.} Re7 32. Ngxf7 Nd7 33. Ng6 Re6 34.
Nfe5 Nxe5 35. Nxe5 Ne8 {In der Zwischenzeit befindet sich die Stellung
positionell und materiell wieder im Gleichgewicht.} 36. Kc2 Nf6 37. Rhf1 Ne4
38. Rf8+ Re8 39. Rxe8+ Rxe8 40. Rf5 Rg8 41. Rxh5 Rxg2+ {[#] Jeder
Schachspieler würde sich wundern, wenn diese Partie noch einen Gewinner
finden sollte.} 42. Kb3 Kc7 43. a4 Kb6 44. Rh7 Ka6 {Auf einen solchen Zug
käme kein normaler Schachspieler.} 45. Nd3 Kb6 46. a5+ Kxa5 47. Rxb7 {Trotz
anfänglicher Gleichheit ab dem 35. Zug haben es die beiden Kämpfer geschafft,
so etwas wie ein Ungleichgewicht zu produzieren, was die Bauernstruktur
anbelangt.} Ka6 48. Rb8 Ka5 49. Ka3 Rg1 50. Nb4 c5 51. Nxd5 Ra1+ 52. Kb3 cxd4
53. cxd4 Rh1 54. Rb7 {[#]} a6 $2 {Jetzt stolpert der Mach III doch noch in
eine verlorene Stellung.} 55. Nb4 {droht mit dem Springer auf c6 ein Matt.} Rh6
56. Ka3 {Droht mit Sd5 nebst Sc7 zu gewinnen.} Rh3+ 57. Ka2 $1 {
Interessanterweise lässt 57.b3 wegen einer hübschen Kombination den Gewinn
aus.} (57. b3 Rxb3+ $3 58. Kxb3 Nc5+ $1 59. Ka3 (59. dxc5 $11 {und Schwarz ist
Patt}) 59... Nxb7 $11) 57... Rh6 58. Rb8 $2 {Mit einem Schlag wirft der
Mephisto Almeria 16bit den Gewinn weg. Offenbar sind die Gewinnvarianten mit
58.Sd5!! zu tief für das Lang-Programm.} (58. Nd5 $1 Rh3 (58... Rh2 59. Ka3 {
droht Matt durch b2-b4} Rh3+ 60. Nc3 Rxc3+ {erzwungen} 61. bxc3 Nxc3 62. Kb3
$18 {und gewinnt}) (58... Rh1 59. Ne7 Rh6 60. Ka3 Rb6 61. Nc6+ Kb5 62. Na7+ Kc4
63. Rxb6 $18) (58... Rg6 59. Ka3 Rg3+ 60. Nc3 Rxc3+ 61. bxc3 Nxc3 62. Kb3 $18 {
und gewinnt}) 59. Ne7 {droht Sc6+ Ka4, Tb4 matt} Rh6 60. Ka3 {droht b4 Matt}
Rb6 61. Nc6+ Kb5 62. Na7+ Kc4 63. Rxb6 $18) 58... Rb6 59. Rxb6 Kxb6 60. Kb3 Nd6
{Jetzt steht es wieder auf Remis. Der weisse Mehrbauer ist ohne Belang.} 61.
Kc3 Kb5 62. Nd5 Nf5 63. Nc7+ Kb6 64. Ne6 Kc6 65. Kc4 Nd6+ 66. Kd3 a5 67. Nf4 {
Dem weissen Königs mangelt es an Einbruchsfeldern.} Ne8 68. Ng6 Nd6 69. Ne7+
Kd7 70. Nd5 Kc6 71. Nc3 Nc8 72. b3 Nd6 73. Ke3 Nf7 74. Ke4 Kd6 75. Kd3 Kc6 76.
Ne4 Kd5 77. Nf6+ Kc6 78. Ng4 Nd6 79. Ne3 Kb5 80. Nc4 Ne8 81. Kc3 Nf6 82. Na3+
Kc6 83. Kc4 Nd5 84. Kd3 Nf6 85. Nc4 Kb5 86. Nd6+ Kc6 87. Nf5 Kb5 88. Ne7 Kb4
89. Nc6+ Kb5 90. Nxa5 {Ein letzter Versuch, der natürlich keinen Erfolg
bringt.} Kxa5 91. Kc4 Kb6 92. b4 Kc6 93. Kc3 Kb5 94. Kb3 Nd5 95. Ka3 Nxb4 96.
d5 Nxd5 {***REMIS*** wegen ungenügend Material} 1/2-1/2

[Event "Match 69_120'/40"]
[Site "Zürich"]
[Date "2022.??.??"]
[Round "9"]
[White "Excel Mach III 68000"]
[Black "Mephisto Almeria 68000"]
[Result "1/2-1/2"]
[WhiteElo "2021"]
[BlackElo "2079"]
[Annotator "KUT"]
[PlyCount "92"]
[EventDate "2022.??.??"]

{[%evp 0,92,19,31,14,1,-3,4,22,13,43,42,45,49,48,26,56,42,28,26,45,29,39,67,45,
68,78,60,82,98,67,49,42,53,70,79,99,99,102,89,78,30,39,30,37,24,25,24,40,40,40,
42,38,0,0,-1,0,-17,-27,-26,-28,-24,-10,-21,-41,-21,-10,-31,-42,-46,-21,-41,-21,
-41,0,0,0,8,0,0,0,0,0,0,0,0,0,0,0,0,0,0,0,0,0] Match 120'/40 | Bediener: Rolf
Bühler | 9. Partie: remis | Zwischenstand: 5,0-4,0 (55%) für Excel Mach III
68000 | Schwarz verteidigt sich mit dem Halb-Slawischen Damengambit,
Chigorin-Variante. Nachdem es Weiss (Mach III) verpasst, einen möglichen
Vorteil herauszuholen und die Damen getauscht sind, entwickelt sich eine
ruhige Partie. Da die Kontrahenten die vielen Feinheiten nicht verstehen,
bewegt sich alles im Remisbereich und bis zum Ende durch eine dreifache
Zugwiederholung passiert nichts Entscheidendes.} 1. d4 Nf6 2. c4 e6 3. Nc3 d5
4. Nf3 c6 5. e3 Bd6 6. Bd3 Nbd7 7. e4 dxe4 8. Nxe4 Nxe4 9. Bxe4 O-O 10. O-O h6
11. Bc2 {***ENDE BUCH***} Nf6 {***ENDE BUCH***} 12. Ne5 c5 13. Bf4 Be7 $6 {
Ein durch nichts gerechtfertigter Rückzug.} 14. dxc5 {Mit 14.De2 hätte Weiss
spürbaren Vorteil erhalten, denn wie auch immer Schwarz auf d4 den Bauern
schnappt, zeigen Analysen, dass Schwarz kein befriedigendes Spiel mehr
erreichen kann. Natürlich sind die Varianten für unsere Oldies zu tief.} Bxc5
$6 {Wieder nicht am besten, weil Weiss bei seinem Raumvorteil die Dame
behalten und einen gefährlichen Angriff gegen die schwarze Königsstellung
inszenieren vermag.} (14... Qxd1 15. Rfxd1 Bxc5 {und der weisse Vorteil hält
sich in Grenzen.}) 15. Qxd8 $6 {Jetzt ist es gar Weiss, der den Damentausch
auslöst und so auf Vorteil verzichtet.} Rxd8 16. Rad1 Rxd1 {Auch das ist
ungenau: Man gibt doch dem Gegner nicht freiwillig die offene d-Linie. Besser
deshalb ...Ld7.} 17. Rxd1 Kf8 18. g3 $6 {Ein echt abstruse Fortsetzung.
Sinnvolle Alternative sind:} (18. a3 {um die Bauernmajorität am Damenflügel
in die Waagschale zu werfen}) (18. Kf1 {um den König im Endspiel ins Zentrum
zu bringen}) (18. h4 {um ...g5 zu verhindern und dem Läufer ein Rückzugsfeld
zu sichern}) (18. Rd8+ Ke7 19. Rh8 {um die Entwicklung des schwarzen
Damenflügels zu erschweren}) 18... a5 {Natürlich war 18...Ke7 logisch, was
den König ins Zentrum bringt und den gegnerischen Turmeinfall nach d8
verhindert.} 19. b3 Ke8 20. Kg2 b6 21. f3 Bb7 $11 {Schwarz hat den Ausgleich
doch noch geschafft.} 22. Bc1 Rc8 23. Bb2 h5 {Was will er da? Wenn schon, dann
schon viel eher ...g5.} 24. h3 Be3 25. a3 Bc5 26. Rd2 g5 27. Kf1 Ke7 28. Bd4 {
ungenau} b5 $1 {Das ist gut und aus taktischen Gründen möglich.} 29. Bxc5+ $6
{Erneut ungenau und zu schwarzem Vorteil führend.} ({Aber ja nicht} 29. cxb5
$2 Bxd4 30. Rxd4 Rxc2 $19 {und Schwarz gewinnt}) 29... Rxc5 $15 {Nun hat
Schwarz die Initiative ergriffen, ohne allerdings mehr als einen geringen
Vorteil zu haben.} 30. f4 gxf4 31. gxf4 bxc4 32. bxc4 {Die weisse
Bauernstruktur mit lauter vereinzelten Bauern ist weniger kompakt als die
gegnerische. Trotzdem befindet sich die Partie noch im Remisbereich.} h4 33.
Ba4 Rc7 34. Bb5 Nh5 {Etwas besser zu gefallen vermag der zentralisieren
Springerhupf nach e4.} 35. Rd4 Kf6 36. Ng4+ Kg6 {Nach ...Kf5 muss er auf Se3+
wieder zurück.} 37. Kf2 Nf6 38. Ne5+ Kf5 39. Ke3 Nh5 40. Be8 Nxf4 41. Nxf7 e5
42. Rd6 Bc8 43. Nh6+ Kg5 44. Nf7+ Kf5 45. Nh6+ Kg5 46. Nf7+ Kf5 {***3 x
REMIS***} 1/2-1/2

[Event "Match 69_120'/40"]
[Site "Zürich"]
[Date "2022.??.??"]
[Round "10"]
[White "Mephisto Almeria 68000"]
[Black "Excel Mach III 68000"]
[Result "1-0"]
[WhiteElo "2079"]
[BlackElo "2021"]
[Annotator "KUT"]
[PlyCount "118"]
[EventDate "2022.??.??"]

{[%evp 0,101,36,35,56,23,45,49,83,62,77,82,98,67,59,64,48,48,54,27,27,27,26,9,
44,44,60,44,39,38,19,2,6,0,0,9,5,-13,-12,-42,-41,-29,-29,-22,-28,-25,-29,-23,
-25,-49,-40,-56,-27,-27,-44,-41,-41,-34,-15,-15,-33,-38,-36,0,9,0,32,56,69,53,
81,37,90,92,85,89,120,131,131,131,131,120,129,124,140,134,171,181,181,164,181,
177,207,182,264,233,330,327,380,390,479,384,630,669]} 1. e4 c5 {***ENDE BUCH***
} 2. Ne2 {***ENDE BUCH***} d6 {Match 120'/40 | Bediener: Rolf Bühler | 10.
Partie: Weiss (Almeria 16bit) gewinnt | Zwischenstand: 5,0-5,0 (50%) für
beide Programme | Nach der unüblichen Zugumstellung mit 2.Se2 in einem
Sizilianer ist das Buchwissen beider Programme bereits zu Ende. Schon im 17.
Zug werden die Damen getauscht. Unnötigerweise gibt Schwarz (Mach III) einen
Bauern, erhält dafür im Läuferpaar und einer mobilen Bauernmasse im Zentrum
genügend Kompensation, die er dann allerdings nicht nutzt. Im Gegensatz dazu
demonstriert der Almeria 68000, was seine Bauernmehrheit am Damenflügel Wert
ist und erteilt dem Gegner eine Lehrstunde in der Umsetzung eines
strategischen Vorteils. So endet die 1. Staffel dieses Wettkampfes mit 5-5
ausgeglichen.} 3. d4 Qa5+ {Eine suboptimale Neuerung. Erstaunlich, dass die
Zugumstellung mit 2.Se2 nicht im Turnierbuch des Mach III enthalten ist.} ({
Nach} 3... cxd4 4. Nxd4 {steht ein normaler Sizilianer auf dem Brett}) 4. Bd2
Qb6 5. dxc5 Qxc5 (5... Qxb2 6. Nbc3 dxc5 $2 {ist ganz schlecht wegen} 7. Rb1
Qa3 8. Nb5 Qa4 9. Nc7+ Kd8 10. Nxa8 {und gewinnt}) 6. Ng3 {Keine Frage: 6.Le3
verdient den Vorzug. Auf g3 steht das Ross nicht optimal.} Nf6 7. Be3 Qb4+ 8.
Qd2 {Stünde der Springer noch immer auf e2, wäre 8.S1c3 möglich.} Nc6 {
Nichts sprach auch gegen den Damentausch.} 9. c3 Qa5 10. Bc4 Ng4 11. O-O Nce5
12. Bb3 Nxe3 {Gerne beseitigt Schwarz das gegnerische Läuferpaar.} 13. Qxe3
Bd7 14. Rd1 Rc8 15. Na3 e6 16. Qd4 Qc5 17. Qxc5 {Das Spiel auf Raumvorteil mit
17.f4 gefällt mir besser.} Rxc5 (17... dxc5 {führt zu einer identischen
Bauernstruktur und einer einzigen offenen Linie, was die Remistendenz stark
erhöht.}) 18. Rd4 ({Zu bevorzugen ist} 18. f4 Ng6 19. Ne2 $11) 18... Be7 19.
Nc4 Nxc4 20. Rxc4 Rxc4 21. Bxc4 g6 {Die Stellung ist höchst remisverdächtig.}
22. Rd1 f5 23. exf5 gxf5 24. Re1 d5 25. Be2 {Etwas besser ginge der Läufer
nach b3 oder d3.} Bd6 26. c4 d4 27. Bf3 Kf7 28. Rd1 e5 $6 {Obwohl 28...Lc5 zu
bevorzugen ist, darf der Textzug objektiv betrachtet nicht getadelt werden,
ausser den Umstand zu berücksichtigen, dass unsere Oldies oftmals genug
büssen müssen, wenn sie einen Bauern hergeben, der dann irgendwann doch
fehlen wird.} 29. Bxb7 {Im vorliegenden Fall gewähren die Bauernwalze im
Zentrum und das Läuferpaar dem Schwarzen genügend Kompensation.} Kf6 30. Bd5
Rb8 31. b3 Kg6 $6 {Ein zu keinem Zweck dienender Königszug. Die Engines
bevorzugen 31...a5 oder auch 31...Le6 und sehen Schwarz leicht im Vorteil.} 32.
Kf1 Bc5 33. Ne2 {Jetzt droht Weiss mit der Brechstange f2-f4, was die
gegnerische Bauernmasse im Zentrum völlig zerstören würde. Das muss Schwarz
verhindern.} f4 {Nun haben die schwarzen Bauern nur noch statischen Wert und
Weiss steht klar besser.} 34. Nc1 {Der Springer findet auf d3 einen
wundervollen Platz.} Bg4 35. Re1 {Auch 35.f3 war gut.} Kf6 36. Nd3 Bd6 37. Be4
Bf5 38. Bxf5 Kxf5 39. c5 Bc7 40. f3 $16 {Weiss hat neben seinem Mehrbauern
einen gefährlichen Freibauern auf der c-Linie, eine mobile Bauernmehrheit am
Damenflügel und einen göttlich platzierten Springer. Schwarz dagegen einen
lahmen Läufer und einen rückständigen e5-Bauern sowie mit d4, e5 und f4
eine starre Bauernstruktur ohne Kraft. Kurzum: der weisse Vorteil ist
eigentlich schon entscheidend.} h6 {Etwas wie Widerstand leistet noch 40...a5,
denn nach dem Textzug muss die Stellung als für Schwarz verloren taxiert
werden.} 41. b4 Rg8 42. b5 Kf6 43. a4 {Weiss spielt geschickt seinen Trumpf
aus, die mobile Bauernmehrhait. Das Lang-Programm weiss ganz offensichtlich,
um was es geht.} Rb8 44. Rc1 {Deutlich stärker hätte 44.Sb4 geschehen sollen.
Auf der c-Linie hat der Turm nichts verloren.} Ke6 45. Nb4 {Das ist selbst
jetzt noch stark.} h5 46. Nc6 Rb7 47. Ke2 h4 48. Kd3 Kf5 49. Kc4 $1 {Schwarz
kann nur hilflos zusehen, wie der Gegner dauernd Fortschritte macht. Nun ist
der b5-Bauer gedeckt, so dass a4-a5 gefolgt von b5-b6 möglich wird. Weiss,
trotz Minusbauer, gewinnt leicht.} Bb8 50. a5 Kf6 51. a6 Rg7 52. Nxb8 Rxg2 53.
b6 axb6 54. Kb3 Rf2 55. c6 Rxf3+ 56. Kb4 d3 57. c7 d2 58. Rd1 Rd3 59. c8=Q Rd4+
{***AUFGEGEBEN***} 1-0